00723nam a2200217 u 450000100100000000500170001000800410002704000250006804100390009308200130013224000230014524500680016826000480023630000280028449000440031253400360035670000360039283000510042804900090047999900170048800002545720200930023812.0110216s1970 mx a r 000 0 spa d aDO-SdBNPbspacBNPHU17aspahfre2Código de idiomas MARC ann*bnn*10aRenoir.lEspañol00aBiblioteca de selecciones /cTraducción de Salustiano Masó. aMéxico, D. F. :bReader´s Digest,c1970. a526 p. :bil. ;c19 cm.1 aObras Contemporáneas de Mayor Éxito aTítulo del original :tRenoir1 aMasó, Salustiano,etr.929539 0aObras Contemporáneas de Mayor Éxito952071 aBNGR c24949d24949